banner-ar

Ramesses : (Record no. 60627)

MARC details
000 -الفاتح
حقل البيانات ثابتة الطول 00607nam a22002057a 4500
005 - وقت وتاريخ اخر تعامل مع التسجيلة
رقم الضبط 20240530110420.0
008 - عناصر البيانات ثابتة الطول - معلومات عامة
حقل البيانات ثابتة الطول 150310s2002 ua afo f b 001 0 eng d
020 ## - الرقم الدولى المعيارى للكتب
الرقم الدولى المعيارى للكتاب 9774246497
040 ## - مصدر الفهرسة
وكالة الفهرسة الأصلية EG-CaGPL
وكالة النسخ EG-CaGPL
082 04 - رقم تصنيف ديوى العشرى
رقم الطبعة 21
رقم التصنيف 932.014
رقم المادة CC/J R
100 1# - المدخل الرئيسى - إسم شخصى
رمز الرابط James, Thomas Garnet Henry
245 10 - بيان العنوان
العنوان Ramesses :
بقية العنوان the great /
بيان المسئوليه,etc T. G. H. James.
260 ## - PUBLICATION, DISTRIBUTION, ETC. (IMPRINT)
تاريخ النشر أو التوزيع 2002.
300 ## - الوصف المادى
التعداد 319 P :
تفاصيل ماديه اخرى للوعاء Col. ill. ;
أبعاد الوعاء 39 cm.
504 ## - تبصرة ببليوجرافية
تبصرة ببليوجرافية,الخ Includes bibliographical references.
600 0# - المدخل الاضافى بالموضوع-اسم شخصى
الإسم الشخصى Ramesses
942 ## - عناصر المدخل الإضافي( كوها)
مصدر التصنيف او مخطط الترفيف Dewey Decimal Classification
Koha [default] item type كتاب
260 ## - PUBLICATION, DISTRIBUTION, ETC. (IMPRINT)
-- Cairo :
-- The American University in Cairo Press,
Holdings
حالة التراجع حالة الفقد مصدر التصنيف او خطة الترفيف حالة تلف ليس للاعارة المكان المؤقت الموقع الحالى تاريخ الاكتساب اجمالي اﻻعارات رقم الطلب الباركود تاريخ اخر مشاهدة تاريخ تفعيل السعر نوع وعاء كوها
    ddc     مكتبة القاهرة الكبرى مكتبة القاهرة الكبرى 03/10/2015   932.014 CC/J R 159726 03/10/2015 03/10/2015 كتاب

Powered By

EGPV